00594 a2200181 4500010001400000020002600014035001300040037001600053082000800069245011500077260004500192270006200237300002900299500002100328700002100349700002400370700001800394 aENG-88869 c375.00a9780195692985 aEN-72401 bDBAD / PUB a3061 aMulticulturalism, liberalism and democracy /cedited by Rajeev Bhargava, Amiya Kumar Bagchi [and] R. Sudarshan aNew DelhibOxford University Pressc2007 aYMCA Library Building, Jai Singh RoadbNew Delhie110 001 axi, 433p. :c22cm (pbk) aIncludes index aBhargava, Rajeev aBagchi, Amiya Kumar aSudarshan, R.